Представление документа в формате RUSMARC

ПолеНазваниеЗначение
  Тип записи a
  Библиографический уровень m
001 Контрольный номер RU/CBS_UL/BASE/714739274
005 Дата корректировки 20251027152439.3
010 Индекс ISBN __
a ISBN 978-5-367-03724-1
b Уточнения в пер.
d Цена 107 р. 00 к.
9 Тираж 7 042 экз.
100 Данные общей обработки __
a Данные общей обработки 20160310d2016 ||| 0rusy0189 ca
101 Язык документа 0_
a Язык текста rus
102 Страна публикации __
a Страна публикации RU
105 Кодированные данные (монография) __
a Кодированные данные (монография) y###||||000|y
181 Поле кодированных данных: вид содержания _1
a Код вида содержания (ISBD) i#
b Код характеристики содержания (ISBD) #xxe##
d i
g x
h x
i e
2 Код системы (источник кода, отличный от ISBD) isbdcontent
182 Поле кодированных данных: тип средства _1
a Код типа средства (ISBD) n
2 Код системы (источник кода, отличный от ISBD) isbdmedia
200 Заглавие и сведения об ответственности 1_
a Заглавие Реквием
b Общее обозначение материала Текст
e Сведения, относящиеся к заглавию [роман]
f Первые сведения об ответственности Б. Райнов
g Последующие сведения об ответственности [пер. с болг. А. С. Собковича]
w Текст (визуальный) : непосредственный
203 Вид содержания и тип средства __
a Вид содержания Текст
b Характеристика содержания визуальный
c Тип средства непосредственный
210 Выходные данные 1_
a Место издания Санкт-Петербург
c Издательство Амфора
d Дата издания 2016
215 Физическое описание __
a Объем 254, [1] с.
d Формат 20,5 см.
225 Серия 0_
a Серия Разведчики и шпионы. Эмиль Боев
333 Примечание о целевом назначении __
a Примечание о целевом назначении 12+
606 Тематические рубрики 0_
a Основная рубрика Болгарская литература, 20 в. - Романы
610 Ключевые слова 0_
a Ключевые слова литература болгарская
a Ключевые слова проза болгарская
a Ключевые слова разведчики
a Ключевые слова шпионы
a Ключевые слова романы
686 Индексы других классификаций __
a Классификационный индекс 84(4Бол)
2 Код системы ББК
700 Автор _0
a Фамилия Райнов
b Имя (инициалы) Б.
g Полное личное имя Богомил
801 Источник записи _0
a Страна RU
b Организация МБУК ЦБС
c Дата составления 20160310
g Правила каталогизации RCR
801 Источник записи _1
a Страна RU
b Организация МБУК ЦБС г. Ульяновска
c Дата составления 20160310
g Правила каталогизации RCR
899 Данные о местонахождении __
i Авторский знак Р 18
j Расстановочный фильтр И(Болг)
900 Электронные ресурсы __
a Имя электронного ресурса Реквием Райнов Б.
901 Тип документа __
t Тип документа m
910 Корректоры записи __
a Корректор записи Мотина